| 000 | 00503nam a2200181 a 4500 | ||
|---|---|---|---|
| 001 | 34948 | ||
| 005 | 20180714003159.0 | ||
| 008 | 140415s1986 mx 000 0 spa d | ||
| 020 | _a9682313805 | ||
| 041 | _aspa | ||
| 082 |
_a150.98 _bARD |
||
| 100 | 1 | _aARDILA, RUBEN | |
| 245 | 1 | 3 | _aLA PSICOLOGIA EN AMERICA LATINA PASADO, PRESENTE Y FUTURO |
| 250 | _a1a ed. | ||
| 260 |
_aMEXICO : _bSIGLO XXI EDITORES, _c1986 |
||
| 300 | _a209 | ||
| 650 | 1 | 4 |
_aPSICOLOGIA _xAMERICA LATINA _xHISTORIA |
| 999 |
_c34948 _d34948 |
||